Países visitados por Donald Trump enquanto presidente - Statistics

Estatísticas Gerais
  • Esse quiz foi jogado 109 vezes
  • A pontuação média é 15 de 21
Estatísticas das Respostas
Hint Resposta % Correto
2017 Alemanha
95%
2017 França
95%
2018 Canadá
94%
2017 China
94%
2018 Reino Unido
93%
2017 Coreia do sul
92%
2017 Itália
88%
2017 Japão
88%
2018 Suiça
80%
2017 Bélgica
75%
2019 Coreia do Norte
75%
2017 Israel
74%
2019 Irlanda
69%
2017 Polônia
68%
2018 Argentina
65%
2017 Arábia Saudita
64%
2017 Vaticano
58%
2018 Iraque
48%
2018 Finlândia
42%
2018 Singapura
28%
2019 Vietnã
27%
Nenhum quiz correspondente encontrado
Distribuição das Pontuações
Porcentagem de Pessoas com Cada Pontuação
Percentil de Números Respondidos
Sua Pontuação Histórica
Você não jogou esse quiz